JUSTICE AS FAIRNESS A RESTETEMENT (Record no. 21852)

MARC details
000 -LEADER
fixed length control field 00387nam a2200145Ia 4500
008 - FIXED-LENGTH DATA ELEMENTS--GENERAL INFORMATION
fixed length control field 240624s9999 xx 000 0 und d
041 ## - LANGUAGE CODE
Language code of text/sound track or separate title eng
082 ## - DEWEY DECIMAL CLASSIFICATION NUMBER
Classification number 320 RAW
100 ## - MAIN ENTRY--PERSONAL NAME
Personal name RAWLS
245 ## - TITLE STATEMENT
Title JUSTICE AS FAIRNESS A RESTETEMENT
250 ## - EDITION STATEMENT
Edition statement (Second Indian Reprint ed.)
260 ## - PUBLICATION, DISTRIBUTION, ETC.
Date of publication, distribution, etc. 2011
Place of publication, distribution, etc. New Delhi
Name of publisher, distributor, etc. Universal Law Publishing Co. Pvt.Ltd.
300 ## - PHYSICAL DESCRIPTION
Extent 232 : p.
365 ## - TRADE PRICE
Currency code RS
Price amount 25
Holdings
Withdrawn status Lost status Damaged status Not for loan Home library Current library Shelving location Date acquired Source of acquisition Cost, normal purchase price Full call number Barcode Date last seen Copy number Price effective from Koha item type
        IMTN IMTN Rack 5-B 09/25/2013 UBS 325.00 320 RAW 21852 06/24/2024 1 06/24/2024 Books
Designed & Maintained by: LRC IMT Nagpur Contact: lrc@imtnag.ac.in© 2024. All Rights Reserved.